|
|
|
|
| LEADER |
00000nab a2200000 ar4500 |
| 001 |
vtls008306976 |
| 003 |
SK-MaSNL |
| 005 |
20260318140235.0 |
| 008 |
051103c2005 xo |||||||| |000 b|hun |
| 015 |
|
|
|a SNBRB2005/11
|2 snkbucl
|
| 038 |
|
|
|a SNKBUCL
|
| 040 |
|
|
|a DSZK
|b slo
|c DSZK
|e AACR2
|
| 041 |
0 |
|
|a slo
|
| 044 |
|
|
|a xo
|c SK
|
| 080 |
|
|
|a 82:929:821.511.141 (437.6)
|2 UDC-MRF-SK2
|
| 080 |
|
|
|a 929:821.511.141 (437.6)
|2 UDC-MRF-SK2
|
| 080 |
|
|
|a 929 Németh, István
|2 UDC-MRF-SK2
|
| 100 |
1 |
|
|a Fónod, Zoltán,
|d 1930-2021
|4 aut
|9 220458
|
| 245 |
1 |
0 |
|a Megkésett búcsú Németh Istvántól
|b egy költő, aki kereste - önmagát!
|c Fónod Zoltán
|
| 600 |
1 |
7 |
|a Németh, István,
|d 1937-2005
|2 snkbucl
|9 857557
|
| 655 |
|
7 |
|a nekrológy
|2 snkbucl
|9 402542
|
| 773 |
0 |
|
|t Irodalmi szemle
|g Évf. XLVIII, sz. 9 (2005), o. 11-12
|x 1336-5088
|
| 852 |
|
|
|a SNK
|b KIS3GCP
|
| 852 |
|
|
|a DSZK
|b KIS3GCP
|
| 958 |
|
|
|a HU
|
| 958 |
|
|
|a SK
|
| 958 |
|
|
|a LX
|
| 958 |
|
|
|a BX
|
| 999 |
|
|
|c 1820828
|d 1822758
|